Laurent Van Eynde, Shakespeare. Les puissances du théâtre. Un essai philosophique, Paris, Kimé, 2005, coll. « Le Sens de l’histoire », 238 p., 24 E. (notice n° 1657272)
[ vue normale ]
| 000 -LEADER | |
|---|---|
| fixed length control field | 00617cam a2200145 4500500 |
| 005 - DATE AND TIME OF LATEST TRANSACTION | |
| control field | 20260208010607.0 |
| 041 ## - LANGUAGE CODE | |
| Language code of text/sound track or separate title | fre |
| 042 ## - AUTHENTICATION CODE | |
| Authentication code | dc |
| 100 10 - MAIN ENTRY--PERSONAL NAME | |
| Personal name | Verdeau, Patricia |
| Relator term | author |
| 245 00 - TITLE STATEMENT | |
| Title | Laurent Van Eynde, Shakespeare. Les puissances du théâtre. Un essai philosophique, Paris, Kimé, 2005, coll. « Le Sens de l’histoire », 238 p., 24 E. |
| 260 ## - PUBLICATION, DISTRIBUTION, ETC. | |
| Date of publication, distribution, etc. | 2006.<br/> |
| 500 ## - GENERAL NOTE | |
| General note | 26 |
| 786 0# - DATA SOURCE ENTRY | |
| Note | Revue philosophique de la France et de l'étranger | 131 | 1 | 2006-03-01 | p. 77zw-138zw | 0035-3833 |
| 856 41 - ELECTRONIC LOCATION AND ACCESS | |
| Uniform Resource Identifier | <a href="https://shs.cairn.info/revue-philosophique-2006-1-page-77zw?lang=fr&redirect-ssocas=7080">https://shs.cairn.info/revue-philosophique-2006-1-page-77zw?lang=fr&redirect-ssocas=7080</a> |
Pas d'exemplaire disponible.




Réseaux sociaux